000 01949ngm a22003970a 4500
001 PT39955
003 AR-LpoUNG
005 20210201235857.0
007 vd cvaizq
008 191001s2007||||ag |||||||||||||||||spa d
040 _aAR-LpoUNG
_bspa
_cAR-LpoUNG
_eaacr
041 _aspa
044 _aag
082 0 _a305.906 579est
100 1 _aLeón, Federico
_edir.
245 1 0 _aEstrellas
260 _aBuenos Aires :
_bSBP,
_c2007.
300 _aDVD (64 min.) : son., col.
505 0 _aSubtitulos: Inglés y frances. - Producción: Jimena Monteoliva, Federico León. - Producción ejecutiva: Jimena Monteoliva.- Jefe de Producción: Franco Vilche. - Asistente de Dirección: Adrián Lakerman. - Fotografía: Julián Apezteguia, Guillermo Nietoia. - Dirección de arte: Florencia Fernández Feijóo. - Montaje: Catalina Rincón. - Música: Nicolás Varchawski, Guillermo Guareschi.
520 _aLos habitantes de Villa 21, barriada de Buenos Aires deciden sacar partido de su paupérrima situación: ¿Por qué contratar actores para que hagan de pobres cuando se puede contratar a pobres verdaderos?. Y así, liderados por Julio Arrieta, se constituyen en factoría cinematográfica independiente que ofrece característicos para el cine (alcohólicos, drogadictos, delincuentes), constructores de decorados capaces de levantar una casa en tres minutos. Villa 21 se convierte así en un set de rodaje que incluso Alan Parker llega a visitar en busca de localizaciones para su película Evita.
650 4 _aARGENTINA
650 4 _aCULTURA
650 4 _aGRUPOS SOCIALES
650 4 _aINDUSTRIA CINEMATOGRAFICA
650 4 _aMARGINALIDAD
650 4 _aORGANIZACIONES POPULARES
650 4 _aPOBREZA
650 4 _aTRABAJADORES OCASIONALES
650 4 _aTUGURIOS
651 4 _aArgentina
653 _aVILLA 21
653 _aVILLAS MISERIAS
700 1 _aMartínez, Marcos
_edir.
905 _a39955
942 _cDVD
999 _c53677
_d53677